000 00503ntaaa2200193 4500
003 01
005 20251027201914.0
008 0714s1973 ag 01
040 _aAR-BaBN
_bspa
_cAR-BaBN
_eaacr
_dRIC
082 _a244.1000 T72
100 _aTrent, Robbie
_97242
245 _aI can tell God things
250 _a1 ed. :
_bBroadman Press,
_cc1954
300 _a35 p.
500 _a"devotional readings for children"
650 _aNiños-Cuentos
650 _aHistorias para Niños
_916810
942 _cBK
999 _c13781
_d13781